header

Self on audio (Record no. 185414)

MARC details
000 -LEADER
fixed length control field 01135nam a2200301Ia 4500
082 04 - DEWEY DECIMAL CLASSIFICATION NUMBER
Classification number 621.38284
100 1# - MAIN ENTRY--AUTHOR NAME
Personal name Self, Douglas.
245 10 - TITLE STATEMENT
Title Self on audio
260 ## - PUBLICATION, DISTRIBUTION, ETC. (IMPRINT)
Place of publication Oxford :
Name of publisher Newnes,
Year of publication 2006.
300 ## - PHYSICAL DESCRIPTION
Number of Pages xiii, 467 p.
650 #0 - SUBJECT ADDED ENTRY--TOPICAL TERM
Topical Term Audio amplifiers
Topical Term Amplifiers (Electronics)
856 40 - ELECTRONIC LOCATION AND ACCESS
Uniform Resource Identifier http://site.ebrary.com/lib/rucke/Doc?id=10138652

No items available.

© 2026 Rongo University
Contact us: librarian | system librarian | Rongo university